书目信息 |
| 题名: |
室内乐的发展与研究
|
|
| 作者: | 刘洋 著 | |
| 分册: | ||
| 出版信息: | 长春 吉林美术出版社 2018 |
|
| 页数: | 221页 | |
| 开本: | 24cm | |
| 丛书名: | ||
| 单 册: | ||
| 中图分类: | J627.0 | |
| 科图分类: | ||
| 主题词: | 室内乐--shi nei yue--研究 | |
| 电子资源: | ||
| ISBN: | 978-7-5575-3121-8 | |
| 000 | 01020nam0 2200253 450 | |
| 001 | 012001007733 | |
| 005 | 20131021130455.0 | |
| 010 | @a978-7-5575-3121-8@dCNY58.00 | |
| 099 | @aCAL 012018183460 | |
| 100 | @a20181106d2018 em y0chiy50 ea | |
| 101 | 0 | @achi |
| 102 | @aCN@b220000 | |
| 105 | @aag a 000yy | |
| 106 | @ar | |
| 200 | 1 | @a室内乐的发展与研究@Ashi nei yue de fa zhan yu yan jiu@f刘洋著 |
| 210 | @a长春@c吉林美术出版社@d2018 | |
| 215 | @a221页@c图, 乐谱@d24cm | |
| 320 | @a有书目 (第220-221页) | |
| 330 | @a室内乐作为一种传统的西方音乐体裁, 其发展历史已有数百年之久。它不像管弦乐那样具有宏伟磅礴的气势, 以音色的丰富多变取胜, 而是以亲切、入微的表现见长。由于它参加人数少, 声部相对独立而清晰, 且具有亲切、优雅、感情细腻的特点, 因此一直是广大音乐人士最喜爱的音乐形式之一。本书主要对室内乐的发展和演奏技巧进行了全面的研究和探索。 | |
| 606 | 0 | @a室内乐@Ashi nei yue@x研究 |
| 690 | @aJ627.0@v5 | |
| 701 | 0 | @a刘洋@Aliu yang@4著 |
| 801 | 0 | @aCN@b上海新华@c20191020 |
| 905 | @b1180185-6@dJ627.0@e391@f2 | |
| 室内乐的发展与研究/刘洋著.-长春:吉林美术出版社,2018 |
| 221页:图, 乐谱;24cm |
| ISBN 978-7-5575-3121-8:CNY58.00 |
| 室内乐作为一种传统的西方音乐体裁, 其发展历史已有数百年之久。它不像管弦乐那样具有宏伟磅礴的气势, 以音色的丰富多变取胜, 而是以亲切、入微的表现见长。由于它参加人数少, 声部相对独立而清晰, 且具有亲切、优雅、感情细腻的特点, 因此一直是广大音乐人士最喜爱的音乐形式之一。本书主要对室内乐的发展和演奏技巧进行了全面的研究和探索。 |
| ● |
| 相关链接 |
|
|
|
|
正题名:室内乐的发展与研究
索取号:J627.0/391
 
预约/预借
| 序号 | 登录号 | 条形码 | 馆藏地/架位号 | 状态 | 备注 |
| 1 | 1180185 | 211801852 | 第一样本阅览室/ [索取号:J627.0/391] | 在馆 | |
| 2 | 1180186 | 211801861 | 第一借阅区/ [索取号:J627.0/391] | 在馆 |